UK TV sitcoms - Statistics

General Stats
  • This quiz has been taken 130 times
    129 since last reset
  • The average score is 5 of 16
Answer Stats
Question Answer % Correct
in BBCs Just Good Friends, the main characters were Penny and.....? Vince
66%
BBC TVs 'To the Manor Born', who played Richard DeVere? Peter Bowles
52%
Who played Aunty Ivy, in ITVs 'In Loving Memory'? Thora Hird
47%
Which stand up comedian played the main character in ITVs Home James? Jim Davidson
45%
What was Timothy's surname in BBC TVs 'Sorry!' Lumsden
43%
The name of the owner of the holiday camp, in BBCs Hi-de-hi? Joe Maplin
40%
Who were BBC TVs 'Dear Ladies'? Hinge and Bracket
34%
What were the surnames of the two old ladies, permanent residents of Fawlty Towers? Miss Gatsby and Miss.....? Tibbs
28%
In BBCs Are You Being Served? What was the name of Arthur English' character? Mr Harman
19%
The family name of that in ITVs Bless This House Abbott
18%
In ITVs Never The Twain, what type of shop did the main characters run? Antique shops
17%
What was the surname of Nellie, in ITVs Nearest and Dearest? Pledge
16%
The answer to the last question, starred in another ITV sitcom, she was in the Salvation Army, what was it called? Hallelujah
12%
What area do the Ropers move to in ITVs George and Mildred? Hampton Wick
11%
In BBCs Fawlty Towers, what was the name of the shoddy, Irish, workman? Mr O'Reilly
11%
In ITVs Trippers Day (latterly Slingers Day), what was the name of the supermarket? Supafare
2%
No matching quizzes found
Score Distribution
Percent of People with Each Score
Percentile by Number Answered
Your Score History
You have not taken this quiz since the last reset